000 00354nam a2200145Ia 4500
008 090124s9999 xx 000 0 und d
082 _b302146
245 _a खंडणी
250 _a1
260 _bबागुल चारुदत्त
_c1989
300 _a131
630 _a खंडणी
730 _a खंडणी
942 _cBOOK
999 _c191748
_d191748